Statistiques concernant Culture Générale - Série 1398

Cliquez ici pour prendre le quiz!

Statistiques générales

  • Ce quiz a été pris 85 fois
  • Le résultat moyen est 5 sur 10

Statistiques - réponses

QuestionRéponse% Correct
A quel pays appartient le Groenland ?Danemark
92%
Quelle vaste région d'Amérique du Sud, est couverte par la plus grande forêt équatoriale du monde ?Amazonie
86%
Honoré de Balzac a regroupé l'ensemble de ses romans sous le titre "La Comédie...Humaine
85%
Dans les grands hôtels, comment s'appelle la personne chargée exclusivement de garer les véhicules des clients ?voiturier
70%
Quel arbre de Californie, également appelé "wellingtonia", peut s'élever au-delà de 100 mètres de hauteur et atteindre l'âge de 2 000 ans ?séquoia
68%
Dans quel pays européen est située la ville d'Olten, au bord de l'Aar ?Suisse
47%
Comment se nomme le tableau célèbre de Diego Vélasquez, présenté au musée du Prado à Madrid, et connu également sous le nom de "La famille de Philippe IV"?Les Ménines
33%
Sous quel nom connait-on mieux le tridacne géant (plus gros mollusque bivalve connu) ?bénitier
27%
De quel pays africain le cédi est-il la devise officielle ?Ghana
15%
Dans quel état des Etats Unis est située la ville de Beaumont ?Texas
13%

Distribution des résultats

Percentile par nombre de réponses

% des personnes avec chaque résultat

Votre développement - résultats

Vous n’avez pas pris ce quiz